书目信息 |
| 题名: |
知识产权法
|
|
| 作者: | 张玉敏 , 张今 , 张平 著 | |
| 分册: | ||
| 出版信息: | 北京 中国人民大学出版社 2009.06 |
|
| 页数: | 483页 | |
| 开本: | 20cm | |
| 丛书名: | ||
| 单 册: | ||
| 中图分类: | D923.401 | |
| 科图分类: | ||
| 主题词: | 法律--中国 | |
| 电子资源: | ||
| ISBN: | 7-300-10704-4 | |
| 000 | 00648nam0 2200217 450 | |
| 001 | 1852709344 | |
| 005 | 20181217143944.58 | |
| 010 | @a7-300-10704-4@dCNY39.80 | |
| 100 | @a20181217d2009 km y0chiy0120 ea | |
| 101 | 0 | @achi |
| 102 | @aCN@b110000 | |
| 200 | 1 | @a知识产权法@Azhi shi chan quan fa@f张玉敏, 张今, 张平著@Fzhang yu min,zhang jin,zhang ping zhu |
| 210 | @a北京@c中国人民大学出版社@d2009.06 | |
| 215 | @a483页@d20cm | |
| 606 | 0 | @a法律@x中国 |
| 690 | @aD923.401@v4 | |
| 701 | 0 | @a张玉敏@Azhang yu min@4著 |
| 701 | 0 | @a张今@Azhang jin@4著 |
| 701 | 0 | @a张平@Azhang ping@4著 |
| 801 | 0 | @aCN@bMUSE@c20181217 |
| 905 | @aMUSE@dD923.401@eZ234 | |
| 知识产权法/张玉敏, 张今, 张平著.-北京:中国人民大学出版社,2009.06 |
| 483页;20cm |
| ISBN 7-300-10704-4:CNY39.80 |
| ● |
| 相关链接 |
|
|
|
正题名:知识产权法
索取号:D923.401/Z234
 
预约/预借
| 序号 | 登录号 | 条形码 | 馆藏地/架位号 | 状态 | 备注 |
| 1 | 1234640 | 212346406 | 社科库509/509社科库 92排5列2层/ [索取号:D923.401/Z234] | 在馆 |